Statistics for NASCAR fastest 10 qualifiers in history

Click here to take the quiz!

General Stats

  • This quiz has been taken 27 times
  • The average score is 6 of 10

Answer Stats

HintAnswer% Correct
1. Ford #9 - 212.809 mphBill Elliott
90%
5. Chevy #3 - 210.360 mphDale Earnhardt
90%
2. Buick #22 - 211.797 mphBobby Allison
85%
3. Ford #28 - 210.610 mphDavey Allison
80%
4. Chevy #17 - 210.471 mphDarrell Waltrip
75%
6. Ford #21 - 210.346 mphKyle Petty
60%
8. Chevy #11 - 210.101 mphTerry Labonte
40%
10. Oldsmobile #83 - 209.963 mphLake Speed
35%
9. Oldsmobile #55 - 209.963 mphPhil Parsons
25%
7. Oldsmobile #44 - 210.194 mphSterling Marlin
15%

Score Distribution

Percentile by Number Answered

Percent of People with Each Score

Your Score History

You have not taken this quiz